Methods of ownership restructurization

Salvato in:
Dettagli Bibliografici
Autore principale: Sierpinska, Maria
Natura: Capitolo di libro
Lingua:inglese
Soggetti:
Tags: Aggiungi Tag
Nessun Tag, puoi essere il primo ad aggiungerne!!

MARC

LEADER 00000naa$a2200000$$$4500
001 0033611
005 20050920124201.8
041 0 |a eng 
044 |a SK 
245 1 0 |a Methods of ownership restructurization  |c Maria Sierpinska 
610 2 0 |a reštrukturalizácia 
610 2 0 |a vlastníctvo 
610 2 0 |a metóda spin-off 
610 2 0 |a prevod majetku 
610 2 0 |a prevod kapitálu 
610 2 0 |a spoločnosti 
100 1 |a Sierpinska, Maria